000 00862nam a22001937a 4500
005 20250917144001.0
008 250917b |||||||| |||| 00| 0 eng d
020 _a9786214510559
082 _aDFil 371.12076 Si111 2025
100 _aSia, Jonald Blacer.
_967635
245 _aLET comprehensive reviewer based on 2022 enhanced table of specifications (TOS) for the board licensure examination for professional teachers (BLEPT) :
_bgeneral education & specialization english /
_cJonald Blacer Sia and Lorimar Publishing, Inc.
260 _aQuezon City :
_bLorimar Publishing, Inc.,
_c©2025.
300 _ax, 119 pages :
_billustrations ;
_c25 cm.
500 _aIncludes references.
650 0 _aEducation
_967694
_xExaminations.
650 0 _aTeacher examination
_xReviewer.
_967695
710 _aLorimar publishing Inc.,
_eauthor.
_950629
942 _2ddc
_cDFIL
999 _c23804
_d23804